Countries That End in "an" - Statistics

General Stats
  • This quiz has been taken 25 times
  • The average score is 11 of 13
Answer Stats
Answer % Correct
Afghanistan
100%
Kazakhstan
100%
Turkmenistan
100%
Tajikistan
96%
Pakistan
92%
Uzbekistan
92%
Kyrgyzstan
84%
Iran
76%
Japan
72%
South Sudan
68%
Sudan
68%
Azerbaijan
64%
Bhutan
56%
No matching quizzes found
Score Distribution
Percent of People with Each Score
Percentile by Number Answered
Your Score History
You have not taken this quiz